<?xml version="1.0" encoding="UTF-8"?><?xml-stylesheet type="text/xsl" href="static/style.xsl"?><OAI-PMH xmlns="http://www.openarchives.org/OAI/2.0/" xmlns:xsi="http://www.w3.org/2001/XMLSchema-instance" xsi:schemaLocation="http://www.openarchives.org/OAI/2.0/ http://www.openarchives.org/OAI/2.0/OAI-PMH.xsd"><responseDate>2026-04-13T07:35:46Z</responseDate><request verb="GetRecord" identifier="oai:www.recercat.cat:2117/129172" metadataPrefix="marc">https://recercat.cat/oai/request</request><GetRecord><record><header><identifier>oai:recercat.cat:2117/129172</identifier><datestamp>2025-07-22T21:06:32Z</datestamp><setSpec>com_2072_1033</setSpec><setSpec>col_2072_452951</setSpec></header><metadata><record xmlns="http://www.loc.gov/MARC21/slim" xmlns:dcterms="http://purl.org/dc/terms/" xmlns:xsi="http://www.w3.org/2001/XMLSchema-instance" xmlns:doc="http://www.lyncode.com/xoai" xsi:schemaLocation="http://www.loc.gov/MARC21/slim http://www.loc.gov/standards/marcxml/schema/MARC21slim.xsd">
   <leader>00925njm 22002777a 4500</leader>
   <datafield ind2=" " ind1=" " tag="042">
      <subfield code="a">dc</subfield>
   </datafield>
   <datafield ind2=" " ind1=" " tag="720">
      <subfield code="a">García Revilla, Mario</subfield>
      <subfield code="e">author</subfield>
   </datafield>
   <datafield ind2=" " ind1=" " tag="260">
      <subfield code="c">2001-06</subfield>
   </datafield>
   <datafield ind2=" " ind1=" " tag="520">
      <subfield code="a">El proyecto “Variante de Gandesa” que a continuación se describe surge como necesidad de dar solución a la disminución de prestaciones (comodidad y seguridad) de la carretera N-420 a su paso por Gandesa y a la peligrosidad que la actual travesía supone para la población, provocadas por el incremento del tráfico dentro de la misma. Dicho proyecto, consistente en proyectar las obras necesarias para ejecutar la variante, se estima que dará solución al problema planteado. &#xd;
&#xd;
El trabajo parte de un estudio de las alternativas de trazado posibles para la variante. La elección de la alternativa óptima se realiza en base a unos criterios de valoración fijados y dicha alternativa mejorará la circulación por la carretera N-420 y descongestionará la población de Gandesa. Este estudio de alternativas se apoya en visitas al la zona, en la cartografía disponible de la misma y debe ajustarse en todo momento a todas las condiciones y exigencias de la “Norma 3.1-IC.Trazado” del Ministerio de Fomento para una velocidad de proyecto de 80 km/h.</subfield>
   </datafield>
   <datafield tag="653" ind2=" " ind1=" ">
      <subfield code="a">Àrees temàtiques de la UPC::Enginyeria civil::Infraestructures i modelització dels transports</subfield>
   </datafield>
   <datafield tag="653" ind2=" " ind1=" ">
      <subfield code="a">Roads</subfield>
   </datafield>
   <datafield tag="653" ind2=" " ind1=" ">
      <subfield code="a">Carreteres -- Catalunya -- Gandesa</subfield>
   </datafield>
   <datafield ind2="0" ind1="0" tag="245">
      <subfield code="a">Variante de Gandesa</subfield>
   </datafield>
</record></metadata></record></GetRecord></OAI-PMH>